000 00990 a2200205 4500
001 39903
005 20260407155655.0
008 260407a1967 arg spa d
003 AR-UNSa-BCEJYS
040 _aAR-UNSa-BCEJYS
_bspa
_cAR-UNSa-BCEJYS
080 _a330.43
_xEconometría
245 1 0 _aMétodos de econometría
264 1 _aBarcelona :
_bVicens-Vives
_c1967
300 _a300 p.
_c22 cm.
505 _a1. Método lineal de dos variables - 2. Extensiones del modelo lineal de dos variables - 3. Elementos de algebra matricial - 4. El modelo lineal general - Parte II: Teoría de la econometría : 5. Introducción a la teoría de la econometría - 6. Errores en la variable - 7. Autocorrelación - 8. Otros problemas de los modelos uniecuacionales- 9. Problema de los modelos multiecuacionales: I - 10. Problema de los modelos multiecuacionales: II
942 _cBK
590 _aniveau_biblio:m niveau_hierar:0
100 1 _aHerranz Yuste, Alejandro
700 1 _aJohnston, Jack
999 _c3136
_d3136